| 000 | 00935cam a2200325 a 4500 | ||
|---|---|---|---|
| 001 | 58531 | ||
| 003 | CO-BoRNBP | ||
| 005 | 20250825222855.0 | ||
| 007 | ta | ||
| 008 | 930913r20021992sp a jr 00011 spa d | ||
| 020 | _a8434837978 | ||
| 020 | _a8434860929 | ||
| 040 |
_ala _cla |
||
| 041 | 0 | _aspa | |
| 043 | _ae-sp--- | ||
| 082 | 0 | 4 |
_aI863.6 _bC67c _219 ed. |
| 100 | 1 |
_aCortés, José Luis. _962357 |
|
| 245 | 1 | 3 |
_aUn culete independiente / _cJosé Luis Cortés, Avi ;. |
| 250 | _a1a. edición | ||
| 300 |
_a[32] p. : _bil. [col.] ; _c20 cm. |
||
| 336 |
_2rdacontent _atexto _btxt |
||
| 337 |
_2rdamedia _asin mediación _bn |
||
| 338 |
_2rdacarrier _avolumen _bnc |
||
| 650 | 7 |
_aCuentos infantiles españoles. _2BLAAUTO _9725 |
|
| 650 | 7 |
_aLectura _x Enseñanza preescolar. _2BLAAUTO _963436 |
|
| 700 | 1 |
_aAvi. _963437 |
|
| 830 | 0 |
_aLista Básica-Bibliotécas Públicas 1. _942791 |
|
| 942 |
_2ddc _cBK |
||
| 949 |
_an _bn |
||
| 999 |
_c58531 _d58531 |
||